000 00814nam a2200253Ia 4500
003 GCL
005 20240530102044.0
008 140319s9999 xx 000 0 ara d
040 _aGCL /
_cGCL
082 0 4 _a327.73056
_bت ا
100 1 _aتمام البرازى
245 1 0 _aامريكا والعرب : شاهد عيان 1990-1983 /
_cتمام البرازى
260 _a[S.N] :
_bدار الجيل ،
_c1992
650 0 4 _aالعالم العربى
650 0 4 _aايران
650 0 4 _aالارهاب
650 0 4 _aالولايات المتحدة الامريكية
650 0 4 _aالشرق الاوسط
650 0 4 _aالسياسة الدولية
650 0 4 _aاسرائيل
650 0 4 _aالجرائم السياسية
650 0 4 _aالعلاقات الخارجية
942 _2ddc
_cBK
999 _c29473
_d29473